| 000 | nam a22 7a 4500 | ||
|---|---|---|---|
| 999 |
_c128266 _d128266 |
||
| 008 | 180926b xxu||||| |||| 00| 0 eng d | ||
| 020 | _a0844737356 | ||
| 050 | _aJC599.L3N68 1990 | ||
| 100 |
_aNovak, Michael _934107 |
||
| 245 |
_aThis hemisphere of liberty: _ba philosophy of the Americas _c/by Michael Novak |
||
| 260 |
_aWashington D. C.: _bThe AEI Press, _c1990. |
||
| 300 |
_a153p.; _c24cm. |
||
| 650 |
_aLiberty _97967 |
||
| 650 |
_aSocial ethics _942585 |
||
| 650 |
_aLatin America _xEconomic conditions _xPolitics and government _y1982-4 Latin America _y1980 _942586 |
||
| 650 |
_aFree enterprise _xLati America _942587 |
||
| 650 |
_aChurches and social problems _xLatin America _942588 |
||
| 942 |
_2lcc _cMONOGRAPH |
||